Marksist ekonomi el-kitabı II / (Record no. 14518)

MARC details
000 -BAŞLIK
Sabit Uzunlukta Kontrol Alanı 00583nam a22002057a 4500
999 ## - SİSTEM KONTROL NUMARALARI (KOHA)
Koha Biblionumber 14518
Koha Biblioitemnumber 14518
003 - KONTROL NUMARASI IDENTIFIER
Denetim Alanı MIRAKIL
005 - SON İŞLEM TARİHİ VE ZAMANI
Denetim Alanı 20210923154917.0
008 - SABİT-BOY VERİ ELEMANLARI - GENEL BİLGİLER
Sabit Uzunlukta Kontrol Alanı 210923b tu ||||| |||| 00| 0 tur d
040 ## - KATALOGLAMA KAYNAK
Orijinal Kataloglama Ajansı TR-AnCHP
Kataloglama Dili tur
Metne Dönüştürmek Ajansı TR-AnCHP
041 ## - DİL KODU
Metin / Ses Parça Veya Ayrı Başlığın Dil Kodu tur
082 ## - DEWEY ONLU SINIFLANDIRMA NUMARASI
Sınıflandırma Numarası 335.4
Ürün Numarası M25m 1970
100 ## - ANA GİRİŞ - KİŞİSEL İSİM
Kişisel Ad Mandel, Ernest
245 ## - BAŞLIK TABLOSU
Başlık Marksist ekonomi el-kitabı II /
Sorumluluk Tablosu, Vb Ernest Mandel; çev: Orhan Suda.
260 ## - YAYIN, DAĞITIM, VB
Yayın, Dağıtım, Vb Yeri İstanbul:
Yayıncı, Dağıtıcı, Vs Adı Ant Yayınları
Yayın, Dağıtım, Vb Tarihi 1970.
300 ## - FİZİKSEL TANIM
Kapsam 542 s.:
Boyutlar 19 sm.
504 ## - KAYNAKÇA VB NOT
Kaynakça Vb Notu Kaynakça vardır.
650 ## - KONU KATMA GİRİŞ - TOPİKAL DÖNEM
Topikal Süreli Veya Coğrafi Ad Giriş Elemanı Marksist sistemler
700 ## - KATMA GİRİŞ - KİŞİSEL İSİM
Kişisel Ad Suda, Orhan
9 (RLIN) 5992
Relator Terim çev.
942 ## - EKLENDİ GİRİŞ ELEMANLARI (KOHA)
Sınıflandırma Veya Raf Düzeni Kaynak Dewey Decimal Classification
Koha Öğesi Türü Books
Holdings
Kalıcı Konum Mevcut Konum Edinme Tarihi Toplam Check-Out'Lar Tam Çağrı Numarası Barkod Tarih Son Görülme Kopya Sayısı İtibaren Geçerli Fiyatlar Sigara Kamu Notu Koha Öğesi Türü
CHP Kütüphanesi CHP Kütüphanesi 09/23/2021   335.4 M25m 1970 020012 09/23/2021 c.2 09/23/2021 Emin Değer Bağışıdır. Books